000 00562nam a22001817a 4500
003 NUST
038 _aMr. Zahoor
082 _a670.5
100 _aSaeed, Mujahid
_916281
245 _aDesign and Analysis of Low Speed Water Tunnel /
_cMujahid Saeed
260 _aIslamabad :
_bSMME - NUST,
_c2017.
300 _axi, 37 p. : ill. ;
_c30cm.
500 _aHardcover.
650 _aDesign and Manufacturing Engineering - MS Thesis
_916133
700 _aDr. Emad Uddin
_916253
856 _uhttp://10.250.8.41:8080/xmlui/handle/123456789/12297
942 _2ddc
_cTHE
999 _c525415
_d525415